| 000 | 01395nam a2200361 a 4500 | ||
|---|---|---|---|
| 001 | 000114448 | ||
| 003 | CHAP | ||
| 005 | 20220329144441.0 | ||
| 008 | 180130s2017 mx sm |||||||spa d | ||
| 010 | _a110909 | ||
| 011 | _a111881 | ||
| 040 | _cCHAP | ||
| 090 | _aTesis | ||
| 100 | 1 |
_aArellano López, Alicia _9134504 |
|
| 245 | 1 | 0 |
_aEmisiones de CO2 y sustentabilidad en la agroindustria de la caña de azúcar en México _h[En línea] _cpor Alicia Arellano López. |
| 260 |
_aChapingo, Méx. : _bEl autor, _c2017. |
||
| 500 | _aPara ver el contenido del material haga clic en la liga | ||
| 502 | _aTesis (M.C. en Economía Agrícola y de los Recursos Naturales) -- UACH. División de Ciencias Económico-Administrativas | ||
| 590 |
_aBATCH _b00 _c20181121 _lUCH01 _h0758 |
||
| 590 |
_aE11695DGD _b10 _c20180130 _lUCH01 _h1303 |
||
| 590 |
_aE6339RRR _b05 _c20180130 _lUCH01 _h0926 |
||
| 590 |
_aE6339RRR _b05 _c20180130 _lUCH01 _h0926 |
||
| 590 |
_aE6339RRR _b05 _c20180130 _lUCH01 _h0930 |
||
| 650 | 1 | 4 |
_aEnergía _xConsumo. _936884 |
| 650 | 1 | 4 |
_aIndustria azucarera _xAspectos económicos _xMéxico. _957781 |
| 650 | 1 | 4 |
_aIndustria azucarera _xImpacto ambiental. _9134505 |
| 650 | 1 | 4 |
_aIndustria azucarera _xImpacto ambiental. _9134505 |
| 856 |
_a1 _n0000484 |
||
| 856 |
_aFinding aid _uhttp://10.13.5.2/tesis/sist114448.pdf _zTeclea aquí |
||
| 901 | _aBK | ||
| 942 | _cLIBRO | ||
| 942 | _n0 | ||
| 999 |
_c110909 _d110909 |
||